№ 3 : Приложение; Квант; У истоков моей судьбы...

Dades bibliogràfiques
Parent link:Квант: научно-популярный физико-математический журнал/ Российская академия наук (РАН). № 3 : Приложение.— , 1979-.— 0130-2221
Idioma:rus
Publicat: 2007
TOC:сост. А. Романенко, О. Алдошина, О. Камунина, У истоков моей судьбы...;
Format: MixedMaterials Llibre
KOHA link:https://koha.lib.tpu.ru/cgi-bin/koha/opac-detail.pl?biblionumber=484224

MARC

LEADER 00000nam2a2200000 4500
001 484224
005 20231101094348.0
035 |a (RuTPU)RU\TPU\prd\151851 
035 |a RU\TPU\prd\53074 
090 |a 484224 
100 |a 20120918a20079999km y0rusy50 ca 
101 0 |a rus 
102 |a RU 
200 0 |a № 3 : Приложение 
210 |d 2007 
461 1 |0 (RuTPU)RU\TPU\prd\1524  |x 0130-2221  |t Квант  |o научно-популярный физико-математический журнал  |f Российская академия наук (РАН)  |v № 3 : Приложение  |d 1979- 
464 |t У истоков моей судьбы...  |f сост. А. Романенко, О. Алдошина, О. Камунина  |d 2007  |p 272 с.  |s Приложение к журналу "Квант" ; Вып. 101 
801 0 |a RU  |b 63413507  |c 20010227  |g PSBO 
801 1 |a RU  |b 63413507  |c 20070904  |g PSBO 
801 2 |a RU  |b 63413507  |c 20230517  |g PSBO 
942 |c BK 
999 |a НТБ_ТПУ  |b НФ  |e -4/20120110  |p П-9068  |s 7/20060918  |u 127,77  |v 1